Biblioteca

Enseñando a la niñez en el Señor : Una pedagogía bíblica para profesores cristianos / Jack Fennema; Donal Herrera Terán, Traductor (Registro nro. 41810)

Detalles MARC
000 -LÍDER
Campo fijo de descripción fija 008300000a22001930004500
001 - NÚMERO DE CONTROL
Campo de control 12787
020 ## - NÚMERO INTERNACIONAL NORMALIZADO PARA LIBROS
Número Internacional Normalizado del libro 9968-894-05-2
041 0# - CÓDIGO DE IDIOMA
Código de idioma para texto/pista de sonido o título separado
082 04 - NÚMERO DE CLASIFICACIÓN DECIMAL DEWEY
Número de clasificación G 268.58 F335e
100 1# - ASIENTO PRINCIPAL--NOMBRE PERSONAL
Nombre personal Fennema, Jack
245 10 - TÍTULO
Título del Material Enseñando a la niñez en el Señor : Una pedagogía bíblica para profesores cristianos / Jack Fennema; Donal Herrera Terán, Traductor
260 ## - PUBLICACIÓN, DISTRIBUCIÓN, ETC. (PIE DE IMPRENTA)
Lugar de publicación, distribución, etc. Costa Rica : Confraternidad Latinoamericana de Iglesias Reformadas
300 ## - DESCRIPCIÓN FÍSICA
Extensión 289 Pag
336 ## - CONTENT TYPE
Content type term texto
Content type code txt
Source rdacontent
337 ## - MEDIA TYPE
Source rdamedia
Media type term sin mediación
Media type code n
338 ## - CARRIER TYPE
Source rdacarrier
Carrier type term volumen
Carrier type code nc
505 00 - NOTA DE CONTENIDO
Nota de contenido con formato preestablecido - Una visión bíblica del niño - ¿Qué se quiere dar a entender por disciplina? - La instrucción bíblica: disciplina preventiva - El escarmiento bíblico: disciplina correctiva - La consejería bíblica: el acto de sanar
942 ## - TIPO DE MATERIAL (KOHA)
Tipo de Item KOHA Libros General
Existencias
Estado de Material Estado de Perdido Estado de Dañado No para Préstamo Colección Tomo Biblioteca de Origen Biblioteca Permanente Fecha de Adquisición Total de Préstamos Signatura Topográfica Código de Barras Última vez visto Última vez Préstado Ejemplar/Existencia Fecha de Remplazo Tipo de Material
        Colección General   Biblioteca FUSBC Biblioteca FUSBC 25/08/2005 1 G 268.58 F335e 15401 12/12/2019 28/05/2019 1 26/01/2016 Libros General

Biblioteca FUSBC | Teléfono: (57+4) 349 88 10 Ext. 141| WhatsApp (+57) 3005338115 
E-mail: biblioteca@unisbc.edu.co | Calle 76 87-14 Robledo Palenque, Medellín, Colombia

Con tecnología Koha